वपु (Record no. 79373)

MARC details
000 -LEADER
fixed length control field 00526nam a2200181Ia 4500
008 - FIXED-LENGTH DATA ELEMENTS--GENERAL INFORMATION
fixed length control field 090123s9999 xx 000 0 und d
082 ## - DEWEY DECIMAL CLASSIFICATION NUMBER
Item number 41299
100 ## - MAIN ENTRY--PERSONAL NAME
Personal name चांदोरकर स्वाती
245 ## - TITLE STATEMENT
Title वपु
250 ## - EDITION STATEMENT
Edition statement 1
260 ## - PUBLICATION, DISTRIBUTION, ETC. (IMPRINT)
Name of publisher, distributor, etc मेहता पब्लिशिंग हाऊस
Date of publication, distribution, etc 2007
300 ## - PHYSICAL DESCRIPTION
Extent 134
600 ## - SUBJECT ADDED ENTRY--PERSONAL NAME
Personal name चांदोरकर स्वाती
630 ## - SUBJECT ADDED ENTRY--UNIFORM TITLE
Uniform title वपु
700 ## - ADDED ENTRY--PERSONAL NAME
Personal name चांदोरकर स्वाती
730 ## - ADDED ENTRY--UNIFORM TITLE
Uniform title वपु
942 ## - ADDED ENTRY ELEMENTS (KOHA)
Koha item type Book
Holdings
Withdrawn status Lost status Damaged status Not for loan Home library Current library Date acquired Cost, normal purchase price Total Checkouts Full call number Barcode Date last seen Cost, replacement price Price effective from Koha item type
        Jawahar Wachalanalaya, Kalwa Jawahar Wachalanalaya, Kalwa 06/27/2007 120.00   41299 KLW-41299 01/23/2009 120.00 01/23/2009 Book